000 01014nam a22003137a 4500
001 0074
003 DO-SdBPM
005 20250808104338.0
007 ta
008 151207b1993 sp | |||| 00| 0 spa d
020 _a9788478382484
040 _aDO-SdBPM
_bspa
_cBPMSU
_erda
082 4 _a839.736
_bG868h 1993
_222
100 1 _aGripe, María
_eautor
245 1 4 _aLos hijos del vidriero /
_cMaría Gripe ; traducciónJulia D. Arnau ; ilustraciones Irene Bordoy
264 _aMadrid :
_bEdiciones del Prado,
_c1993.
300 _a191 páginas :
_bilustración
_c20 cm.
336 _atexto
_btxt
_2rdacontent
337 _asin mediación
_bn
_2rdamedia
338 _avolumen
_bnc
_2rdacarrier
440 0 _aEl submarino naranja,
_v8
590 _aInventariado, 2025/VM
650 7 _aCuentos infantiles suecos
650 7 _aPadres e hijos
_vCuentos.
700 1 _aArnau, Julia D.
_etraductor
700 1 _aBordoy, Irene,
_eilustrador
910 _aVMateo V. Control de calidad. BPMSU
942 _2ddc
_cBK
999 _c9024
_d9024